000 00952nam a2200241 a 4500
001 BRL_1919
005 20190320211432.0
008 180815s1904----mx-ao#####---#000-0#spa-#
041 _aspa
044 _amx
050 4 _aF1386
_b.G37 1904
100 1 _aGarcía Cubas, Antonio
_d1832-1912.
_98182
245 1 0 _aEl libro de mis recuerdos
_bnarraciones históricas, anecdóticas y de costumbres mexicanas anteriores al actual estado social, ilustradas con más de trecientos fotograbados
_cAntonio García Cubas.
260 _aMéxico
_bImprenta de Arturo García Cubas, Hermanos Sucesores
_c1904
300 _a635 p.
_bil.
_c27 cm.
500 _aAu1910
500 _aEstado físico: Tiene rasgada la pasta.
500 _aVer también número de sistema 3932 perteneciente al Fondo General Franz Mayer
651 4 _aMéxico (Ciudad)
_vDescripción
_910032
651 4 _aMéxico
_vVida social y costumbres.
_910039
902 _aGRL
942 _2lcc
_cB
999 _c10727
_d10727